000 00349nam a2200121Ia 4500
008 240731s9999 xx 000 0 und d
022 _a2469-7656
245 0 _aAfrican Journal of Research in Mathematics, Science and Technology Education
260 _bRoutledge
856 _uhttps://www.tandfonline.com/loi/rmse20
942 _2ddc
942 _cTFEJ
999 _c75212
_d75212
945 _a1
_bMadushi Gamage
_c1
_dMadushi Gamage